000 00875nam a2200265Ia 4500
003 OSt
005 20220923211452.0
006 a|||||r|||| 00| 0
007 ta
008 220922b |||||||| |||| 00| 0 hin d
020 _a9789350722152 (hbk)
_c395
024 _a274,343
037 _b97, 05/09/2013, Vani Prakashan
_cTextual
040 _aARTS
_cARTS
_bhin
041 _2hin
_ahin
082 _aO115,3M97,FU, 152Q2
100 _aवेसोस, थारयै
_9156290
245 0 _aपरिन्दे
246 _aParinde
260 _aदिल्ली
_b वाणी प्रकाशन
_c2012
300 _a224पृ.
_ccm.
650 _aहिन्दी साहित्य
_9156264
942 _hO115,3M97,FU, 152Q2
_cTEXL
_2CC
999 _c299841
_d299841